<?xml version="1.0" encoding="UTF-8"?>
<record
    xmlns:xsi="http://www.w3.org/2001/XMLSchema-instance"
    xsi:schemaLocation="http://www.loc.gov/MARC21/slim http://www.loc.gov/standards/marcxml/schema/MARC21slim.xsd"
    xmlns="http://www.loc.gov/MARC21/slim">

  <leader>03130cam a2200385 i 4500</leader>
  <controlfield tag="001">12723600</controlfield>
  <controlfield tag="003">EG-ScBUE</controlfield>
  <controlfield tag="005">20240815092407.0</controlfield>
  <controlfield tag="008">020329t2003    enk    f b    001 0 eng d</controlfield>
  <datafield tag="020" ind1=" " ind2=" ">
    <subfield code="a">0745319777</subfield>
  </datafield>
  <datafield tag="020" ind1=" " ind2=" ">
    <subfield code="a">0745319769 (pbk.)</subfield>
  </datafield>
  <datafield tag="040" ind1=" " ind2=" ">
    <subfield code="a">DLC</subfield>
    <subfield code="b">eng</subfield>
    <subfield code="e">rda</subfield>
    <subfield code="c">DLC</subfield>
    <subfield code="d">DLC</subfield>
    <subfield code="d">EG-ScBUE</subfield>
  </datafield>
  <datafield tag="043" ind1=" " ind2=" ">
    <subfield code="a">f-ae---</subfield>
  </datafield>
  <datafield tag="082" ind1="0" ind2="4">
    <subfield code="a">965.053</subfield>
    <subfield code="2">22</subfield>
    <subfield code="b">VOL</subfield>
  </datafield>
  <datafield tag="100" ind1="1" ind2=" ">
    <subfield code="a">Volpi, Frederic,</subfield>
    <subfield code="e">author.</subfield>
    <subfield code="9">23259</subfield>
  </datafield>
  <datafield tag="245" ind1="1" ind2="0">
    <subfield code="a">Islam and democracy :</subfield>
    <subfield code="b">the failure of dialogue in Algeria /</subfield>
    <subfield code="c">Frederic Volpi.</subfield>
  </datafield>
  <datafield tag="264" ind1=" " ind2="1">
    <subfield code="a">London ;</subfield>
    <subfield code="a">Sterling, VA :</subfield>
    <subfield code="b">Pluto Press,</subfield>
    <subfield code="c">[2003]</subfield>
  </datafield>
  <datafield tag="264" ind1=" " ind2="4">
    <subfield code="c">c2003</subfield>
  </datafield>
  <datafield tag="300" ind1=" " ind2=" ">
    <subfield code="a">viii, 168 pages ;</subfield>
    <subfield code="c">22 cm</subfield>
  </datafield>
  <datafield tag="336" ind1=" " ind2=" ">
    <subfield code="2">rdacontent</subfield>
    <subfield code="a">text</subfield>
    <subfield code="b">txt</subfield>
  </datafield>
  <datafield tag="337" ind1=" " ind2=" ">
    <subfield code="a">unmediated</subfield>
    <subfield code="2">rdamedia</subfield>
    <subfield code="b">n</subfield>
  </datafield>
  <datafield tag="338" ind1=" " ind2=" ">
    <subfield code="a">volume</subfield>
    <subfield code="b">nc</subfield>
    <subfield code="2">rdacarrier</subfield>
  </datafield>
  <datafield tag="504" ind1=" " ind2=" ">
    <subfield code="a">Includes bibliographical references and index.</subfield>
  </datafield>
  <datafield tag="505" ind1="0" ind2=" ">
    <subfield code="a">Understanding political democratisation at the beginning of the XXI century -- Algeria and the 'third wave' of democratic transitions -- Islam and the 'west' : a clash of ideologies in Algeria -- New political actors for a new international order -- Political ideas and practices in historical perspective -- Genealogies of state power : colonial experiences post colonial dilemmas -- Historical perspectives on Islamic fundamentalist ideology : a pragmatic account -- The Algerian political opening : democratic symbols and authoritarian practices (1988-1991) -- The 1988 October riots : the symbol of a new era -- The Algerian democratic opening : successes and failures -- The 1992 coup d'&#xFFFD;etat and beyond : war as politics through other means (1992-1994) -- The 1992 coup d'&#xFFFD;etat -- The military in control : The repressive option -- The Islamic movement : from political opposition to 'holy' war -- A new authoritarianism : guided democracy versus radical Islam (1995-2000) -- The re-composition of the political field -- Electoral marketing : formal representation and informal authoritarianism -- On the margins of politics : the military and the Islamic guerrillas -- A civil society in transition : survivalist strategies and social protest -- Coping with violence and deprivation : survivalist strategies -- The articulation of social protest : defying the regime -- The international arena : strengths and weaknesses of the new world order -- The political economy of the conflict : the role of international actors -- Algeria as the future of democratisation in the Muslim world -- Exporting the jihad : the internationalisation of radical Islamic actors -- Learning and unlearning to be democratic.</subfield>
  </datafield>
  <datafield tag="650" ind1=" " ind2="7">
    <subfield code="a">Demonstrations</subfield>
    <subfield code="z">Algeria.</subfield>
    <subfield code="2">BUEsh</subfield>
    <subfield code="9">23260</subfield>
  </datafield>
  <datafield tag="650" ind1=" " ind2="7">
    <subfield code="a">Islam and politics</subfield>
    <subfield code="z">Algeria.</subfield>
    <subfield code="2">BUEsh</subfield>
    <subfield code="9">23261</subfield>
  </datafield>
  <datafield tag="650" ind1=" " ind2="7">
    <subfield code="a">Islamic fundamentalism</subfield>
    <subfield code="z">Algeria.</subfield>
    <subfield code="2">BUEsh</subfield>
    <subfield code="9">23262</subfield>
  </datafield>
  <datafield tag="651" ind1=" " ind2="7">
    <subfield code="a">Algeria</subfield>
    <subfield code="x">Politics and government,</subfield>
    <subfield code="2">BUEsh</subfield>
    <subfield code="9">23263</subfield>
  </datafield>
  <datafield tag="651" ind1=" " ind2="7">
    <subfield code="a">Algeria</subfield>
    <subfield code="x">Social conditions.</subfield>
    <subfield code="2">BUEsh</subfield>
    <subfield code="9">23264</subfield>
  </datafield>
  <datafield tag="653" ind1=" " ind2=" ">
    <subfield code="c">April2011</subfield>
  </datafield>
  <datafield tag="655" ind1=" " ind2=" ">
    <subfield code="v">Reading book</subfield>
  </datafield>
  <datafield tag="856" ind1="4" ind2="2">
    <subfield code="3">Publisher description</subfield>
    <subfield code="u">http://www.loc.gov/catdir/enhancements/fy0905/2002005040-d.html</subfield>
  </datafield>
  <datafield tag="942" ind1=" " ind2=" ">
    <subfield code="2">ddc</subfield>
    <subfield code="c">BB</subfield>
  </datafield>
  <datafield tag="999" ind1=" " ind2=" ">
    <subfield code="c">15163</subfield>
    <subfield code="d">15163</subfield>
  </datafield>
  <datafield tag="952" ind1=" " ind2=" ">
    <subfield code="0">0</subfield>
    <subfield code="1">0</subfield>
    <subfield code="2">ddc</subfield>
    <subfield code="4">0</subfield>
    <subfield code="7">0</subfield>
    <subfield code="8">Diwan</subfield>
    <subfield code="a">MAIN</subfield>
    <subfield code="b">MAIN</subfield>
    <subfield code="c">2ND</subfield>
    <subfield code="d">2011-04-21</subfield>
    <subfield code="e">Purchase</subfield>
    <subfield code="g">178.00</subfield>
    <subfield code="h">124070</subfield>
    <subfield code="l">2</subfield>
    <subfield code="m">1</subfield>
    <subfield code="o">965.053 VOL</subfield>
    <subfield code="p">000025088</subfield>
    <subfield code="r">2025-07-15 00:00:00</subfield>
    <subfield code="s">2023-11-26</subfield>
    <subfield code="w">2011-04-21</subfield>
    <subfield code="y">BB</subfield>
  </datafield>
</record>
